Calendario de ferias y fiestas tradicionales del estado de Tlaxcala (Record no. 10250)
[ view plain ]
| 000 -CABECERA | |
|---|---|
| campo de control de longitud fija | 01099nam a2200265 a 4500 |
| 001 - NÚMERO DE CONTROL | |
| campo de control | BRL_1440 |
| 005 - FECHA Y HORA DE LA ÚLTIMA TRANSACCIÓN | |
| campo de control | 20190320211216.0 |
| 008 - DATOS DE LONGITUD FIJA--INFORMACIÓN GENERAL | |
| campo de control de longitud fija | 150114s1992----mx-db#####---#000-0#spa-# |
| 020 ## - NÚMERO INTERNACIONAL ESTÁNDAR DEL LIBRO | |
| Número Internacional Estándar del Libro | 968293754X |
| 041 ## - CÓDIGO DE LENGUA | |
| Código de lengua del texto/banda sonora o título independiente | spa |
| 044 ## - CÓDIGO DEL PAÍS DE LA ENTIDAD EDITORA/PRODUCTORA | |
| Código MARC del país | mx |
| 050 #4 - SIGNATURA TOPOGRÁFICA DE LA BIBLIOTECA DEL CONGRESO | |
| Número de clasificación | GT4814.A3 |
| Número de documento/Ítem | .R36 1992 |
| 100 1# - ENTRADA PRINCIPAL--NOMBRE DE PERSONA | |
| Nombre de persona | Ramos Galicia, Yolanda |
| 9 (RLIN) | 26920 |
| 245 10 - MENCIÓN DE TÍTULO | |
| Título | Calendario de ferias y fiestas tradicionales del estado de Tlaxcala |
| Mención de responsabilidad, etc. | Yolanda Ramos Galicia. |
| 260 ## - PUBLICACIÓN, DISTRIBUCIÓN, ETC. | |
| Lugar de publicación, distribución, etc. | México, D.F. |
| Nombre del editor, distribuidor, etc. | Instituto Nacional de Antropología e Historia : Gobierno del Estado de Tlaxcala, Museo de Artes y Tradiciones Populares de la Casa de Artesanía de Tlaxcala |
| Fecha de publicación, distribución, etc. | 1992 |
| 300 ## - DESCRIPCIÓN FÍSICA | |
| Extensión | 381 p. |
| Otras características físicas | il., graficas |
| Dimensiones | 21 cm |
| Material acompañante/anejo | + 2 mapas plegables (uno de municipios y ferias y el otro de las ferias del centro y sur de Tlaxcala) |
| 440 #0 - MENCIÓN DE SERIE/PUNTO DE ACCESO ADICIONAL--TÍTULO | |
| Título | Colección regiones de México |
| 9 (RLIN) | 26921 |
| 440 #0 - MENCIÓN DE SERIE/PUNTO DE ACCESO ADICIONAL--TÍTULO | |
| Título | Serie Antropología |
| 9 (RLIN) | 9658 |
| 500 ## - NOTA GENERAL | |
| Nota general | Au1779 |
| 650 14 - PUNTO DE ACCESO ADICIONAL DE MATERIA--TÉRMINO DE MATERIA | |
| Término de materia o nombre geográfico como elemento de entrada | Festivales |
| Subdivisión geográfica | Tlaxcala (Estado) |
| 9 (RLIN) | 26922 |
| 650 14 - PUNTO DE ACCESO ADICIONAL DE MATERIA--TÉRMINO DE MATERIA | |
| Término de materia o nombre geográfico como elemento de entrada | Ayunos y fiestas |
| Subdivisión geográfica | Tlaxcala (Estado) |
| 9 (RLIN) | 26923 |
| 651 #4 - PUNTO DE ACCESO ADICIONAL DE MATERIA--NOMBRE GEOGRÁFICO | |
| Nombre geográfico | Tlaxcala (Estado) |
| Subdivisión general | Vida social y costumbres |
| 9 (RLIN) | 26924 |
| 902 ## - CATALOGADOR | |
| Iniciales | GRL |
| 942 ## - ELEMENTOS DE PUNTO DE ACCESO ADICIONAL (KOHA) | |
| Fuente del sistema de clasificación o colocación | Library of Congress Classification |
| Tipo de ítem Koha | Libros |
| Estado de retiro | Estado de pérdida | Estado dañado | No para préstamo | Localización permanente | Ubicación/localización actual | Fecha de adquisición | Número de inventario | Total de préstamos | Signatura topográfica completa | Código de barras | Fecha visto por última vez | Precio válido a partir de | Tipo de ítem Koha |
|---|---|---|---|---|---|---|---|---|---|---|---|---|---|
| El ejemplar forma parte de la colección y puede ser consultado según las políticas vigentes. | Biblioteca Centro de Estudios Ruth D. Lechuga | Biblioteca Centro de Estudios Ruth D. Lechuga | 15/01/2014 | Au1779 | GT4814.A3 .R36 1992 (Au1779) | GRL01600 | 22/03/2019 | 22/03/2019 | Libros |